| 000 | 00351nam a22001337a 4500 | ||
|---|---|---|---|
| 008 | 160613b xxu||||| |||| 00| 0 eng d | ||
| 020 | _a9781451191318 | ||
| 020 | _a9781451191318 | ||
| 020 | _a1451191316 | ||
| 041 | _aeng | ||
| 080 | _a618.2 | ||
| 245 |
_aCommunity and public health nursing: _cGail A. Harkness; Rosanna F. DeMorco; |
||
| 942 |
_2udc _cBK |
||
| 999 |
_c2436 _d2436 |
||